| 000 | 00382cam a2200145ua 4500 | ||
|---|---|---|---|
| 041 |
_aeng _h |
||
| 082 |
_a828.09 _bCRA/LA |
||
| 100 | _aCrane, R.S . | ||
| 245 |
_aLanguage of criticism and the strucutre of poetry / _cR.S.Crane. _hTextual Documents |
||
| 260 |
_a : _bUniversity of Toronto Press , _c1953. |
||
| 300 | _a214 ; . | ||
| 504 | _a | ||
| 942 | _cBK | ||
| 999 |
_c8807 _d8807 |
||